| 000 | 00605nmm a2200193Ia 4500 | ||
|---|---|---|---|
| 008 | 251105s9999||||xx |||||||||||||||||und|| | ||
| 020 | _a9788416028375 | ||
| 041 | _aspa | ||
| 100 | _aBergera, José Ignacio | ||
| 245 | 0 | _aIII Jornada de Arquitectura y Fotografía 2013 | |
| 264 |
_a[Madrid, España] : _bPrensas Universitarias de Zaragoza, _c2013 |
||
| 300 | _a132 páginas | ||
| 490 | _aArquitectura | ||
| 650 | _aArchitecture & Sculpture | ||
| 700 | _aBergera, José Ignacio | ||
| 700 | 1 | _a Sánchez Lampreave, Ricardo | |
| 856 | _uhttps://public.digitaliapublishing.com/a/29132 | ||
| 942 | _cCF | ||
| 999 |
_c62775 _d62775 |
||